Fundamentals of cost accounting / (Record no. 163401)

MARC details
000 -LEADER
fixed length control field 00488nam a22001697a 4500
005 - DATE AND TIME OF LATEST TRANSACTION
control field 20190412174230.0
010 ## - LCCN (DPL NO)
LC control number B-166962
020 ## - INTERNATIONAL STANDARD BOOK NUMBER
International Standard Book Number 8171980945
Terms of availability 185.00
035 ## - SYSTEM CONTROL NUMBER
System control number B-166962
037 ## - SOURCE OF ACQUISITION
Source of stock number/acquisition Mayur Paperbacks
082 ## - DEWEY DECIMAL CLASSIFICATION NUMBER
Classification number 657.42
100 ## - MAIN ENTRY--PERSONAL NAME
Personal name Nigam, B.M. Lall
245 ## - TITLE STATEMENT
Title Fundamentals of cost accounting /
Statement of responsibility, etc B.M. Lall Nigam {and} I.C. Jain
260 ## - PUBLICATION, DISTRIBUTION, ETC. (IMPRINT)
Place of publication, distribution, etc Noida
Name of publisher, distributor, etc Mayur Paperbacks
Date of publication, distribution, etc 2001
300 ## - PHYSICAL DESCRIPTION
Extent Varying pages
Dimensions 24cm(pbk)
942 ## - ADDED ENTRY ELEMENTS (KOHA)
Source of classification or shelving scheme Dewey Decimal Classification
Item type English Books
Classification part 657.42
Call number suffix NIG

No items available.


© Delhi Public Library
Hit Counter
free hit counter